000 00531nam a2200181Ia 4500
005 20250508163406.0
008 008 250505s9999 xx 000 0 eng d
037 _aBooks to be hide in OPAC
040 _aFEDL
_beng
_cFEDL
041 _aeng
_2eng
084 _a370.1523, NCE/O
_qFEDL
245 0 _aHierarchy in cognitive learning
245 0 _cN C E R T
260 _aMysore, India
_bRegional College of Education India
_c1976
300 _a142p.
942 _cHB
_h370.1523, NCE/O
999 _c1382786
_d1382786